000 00680nam a2200229 a 4500
999 _c3914
_d3914
003 PK-NaQUE
005 20250919090519.0
008 250919b ||||| |||| 00| 0 eng d
020 _a0072225254 (paperback)
020 _a9780072225259 (paperback)
040 _cQUEST
082 _a004BIG
100 1 _aBigelow, Stephen J.
245 1 0 _aBigelow's PC Hardware Desk Reference /
250 _a2nd ed.
260 _aNew York
_bMcGraw-Hill Osborne Media,
_c2003.
300 _a1632 p. ;
650 _aMicrocomputers--Maintenance and repair
650 _aMicrocomputers--Upgrading
856 _uhttp://10.10.170.122:8080/browse/book/28416
_yDownload eBook
942 _cBK
_2ddc